000 00525nam a2200181Ia 4500
008 100921s9999 xx 000 0 und d
082 _b16929
_a891.463 थ 77
100 _aभावे पुरूषोत्तम भास्कर.
245 _aदेव्हारा.
260 _b---
_c1977
300 _a148
_b---
365 _b10
520 _aललित-कथा.
630 _aदेव्हारा.
650 _aललित-कथा.
730 _aदेव्हारा.
942 _cBOOK
999 _c766042
_d766039